How to handle a bully / (Record no. 3686)

MARC details
000 -LEADER
fixed length control field 01029nam a22002897a 4500
001 - CONTROL NUMBER
control field 3686
003 - CONTROL NUMBER IDENTIFIER
control field FISKH
005 - DATE AND TIME OF LATEST TRANSACTION
control field 20250303100133.0
008 - FIXED-LENGTH DATA ELEMENTS--GENERAL INFORMATION
fixed length control field 240410b cb ||||| |||| 00| 0 eng d
020 ## - INTERNATIONAL STANDARD BOOK NUMBER
International Standard Book Number 9780545985970
040 ## - CATALOGING SOURCE
Original cataloging agency FISKH
Language of cataloging eng
Transcribing agency FISKH
Modifying agency FISKH
050 ## - LIBRARY OF CONGRESS CALL NUMBER
Classification number PZ7.W55
082 ## - DEWEY DECIMAL CLASSIFICATION NUMBER
Classification number 464
100 ## - MAIN ENTRY--PERSONAL NAME
Personal name Richards, Nancy Wilcox
245 ## - TITLE STATEMENT
Title How to handle a bully /
Statement of responsibility, etc. by Nancy Wilcox Richards ; illustrations by David Sourwine
260 ## - PUBLICATION, DISTRIBUTION, ETC.
Place of publication, distribution, etc. New York :
Name of publisher, distributor, etc. Scholastic,
Date of publication, distribution, etc. 2010.
300 ## - PHYSICAL DESCRIPTION
Extent 92 pages :
Other physical details illustrations ;
Dimensions 20 cm
505 ## - FORMATTED CONTENTS NOTE
Formatted contents note G<br/>
520 ## - SUMMARY, ETC.
Summary, etc. Rilla, working hard training for the annual fitness challenge with the hope of winning the grand prize, deals with bullies on the playground while she tries to prepare for the event and also worries she will not win.
521 8# - TARGET AUDIENCE NOTE
Target audience note 420 <br/><br/>
Source Lexile estimate <br/>
521 8# - TARGET AUDIENCE NOTE
Target audience note G <br/>
Source Raz-Plus <br/>
650 ## - SUBJECT ADDED ENTRY--TOPICAL TERM
Topical term or geographic name entry element Sourwine
General subdivision David
650 ## - SUBJECT ADDED ENTRY--TOPICAL TERM
Topical term or geographic name entry element How to handle a bully
700 ## - ADDED ENTRY--PERSONAL NAME
Personal name Sourwine, David
Relator term illustrator
942 ## - ADDED ENTRY ELEMENTS (KOHA)
Source of classification or shelving scheme Dewey Decimal Classification
Koha item type Khmer Books
Suppress in OPAC No
Holdings
Withdrawn status Lost status Source of classification or shelving scheme Damaged status Not for loan Collection Home library Current library Shelving location Date acquired Total Checkouts Full call number Barcode Date last seen Price effective from Koha item type Date last checked out Copy number
    Dewey Decimal Classification     Non-Fiction Footprints International School Library Network Toul Kork Campus Footprints International School Library Network Toul Kork Campus TK Primary Library Room(4th Floor), Bookcase 1&2, Shelves 1-16, Dark Blue Books 04/10/2024   RIC 464 PZ7.W55 FISTK04400 04/10/2024 04/10/2024 Khmer Books    
    Dewey Decimal Classification     Non-Fiction Footprints International School Library Network Toul Kork Campus Footprints International School Library Network Toul Tom Poung Campus TTP Primary Dark Blue Bookshelves 03/03/2025 1 RIC 464 PZ7.W55 2025-0713 02/02/2026 03/03/2025 Khmer Books 01/05/2026 2